|
|
|
|
| LEADER |
01128nta a2200217 i 4500 |
| 001 |
dokt1780 |
| 005 |
20221013144606.0 |
| 008 |
130422s2013 hu om 0|| rus d |
| 024 |
7 |
|
|a 10.14232/phd.1780
|2 doi
|
| 024 |
7 |
|
|a 2856191
|2 mtmt
|
| 040 |
|
|
|a SZTE Doktori Repozitórium
|b hun
|
| 041 |
|
|
|a rus
|
| 100 |
1 |
|
|a Czerjak Milána
|
| 245 |
1 |
3 |
|a Az ember ábrázolása és a művészet és alkotás problémái Gogol "Pétervári elbeszélések" című elbeszélésciklusában = Изображение человека и проблемы искусства и творчества в «Петербургских повестях» Гоголя
|h [elektronikus dokumentum] /
|c Czerjak Milána
|
| 260 |
|
|
|c 2013-05-08
|
| 502 |
|
|
|a Disszertacio
|
| 650 |
|
4 |
|a irodalom- és kultúra tudományok
|
| 700 |
1 |
|
|a Szőke Katalin
|e ths
|
| 856 |
4 |
0 |
|u https://doktori.bibl.u-szeged.hu/id/eprint/1780/1/Czerjak%20diss.pdf
|z Dokumentum-elérés
|
| 856 |
4 |
0 |
|u https://doktori.bibl.u-szeged.hu/id/eprint/1780/3/TEZISEK%20orosz.pdf
|z Dokumentum-elérés
|
| 856 |
4 |
0 |
|u https://doktori.bibl.u-szeged.hu/id/eprint/1780/2/TEZISEK%20magyar.pdf
|z Dokumentum-elérés
|